000 00321nam a22001337a 4500
008 181217b xxu||||| |||| 00| 0 eng d
020 _a133486177300249900224900
041 _aeng
080 _a701
100 _a44
101 _aART
245 _aBest of Watercolor Painting Composition
_cPaterson,G
942 _2udc
_cBK
999 _c53224
_d53224